000 02401cam a22004814i 4500
003 PE-LiUPU
005 20250731173349.0
008 150706s r 000 0 d
020 _a9781426700170
035 _a(Sirsi) i9781426700170
040 _aPE-LiUPU
_bspa
_cPE-LiUPU
_erda
049 _aPRUA
082 0 4 _a220.07
_bAOTC
_221
100 1 _aWillis, Timothy M.,
_eautor.
245 1 0 _aLeviticus /
_cTimothy M. Willis.
264 1 _aNashville :
_bAbingdon Press.,
_c2009.
300 _a241 páginas ;
_c23 centímetros
336 _atext
_2rdacontent
337 _aunmediated
_2rdamedia
338 _avolume
_2rdacarrier
490 0 _aAbingdon Old Testament commentaries
504 _aIncluye bibliografía.
505 0 _aLeviticus 1-7 -- Leviticus 1 -- Literary analysis -- Exegetical analysis -- Leviticus 2 -- Literary analysis -- Exegetical analysis -- Leviticus 3 -- Literary analysis -- Exegetical analysis -- Leviticus 4:1-2 -- Literary analysis -- Exegetical analysis -- Leviticus 5:14-6,7 -- Literary analysis -- Exegetical analysis -- Leviticus 6:8-7:38 -- Literary analysis -- Exegetical analysis -- Leviticus 8-10 -- Literary analysis -- Exegetical analysis -- Leviticus 9 -- Literary analysis -- Exegetical analysis -- Theological and Ethical Analysis -- Leviticus 10 -- Literary analysis -- Exegetical analysis -- Leviticus 11-16 -- Literary analysis -- Exegetical analysis -- Leviticus 12 -- Literary analysis -- Exegetical analysis -- Leviticus 13 -- Literary analysis -- Exegetical analysis -- Leviticus 14 - 27 -- Literary analysis -- Exegetical analysis.
526 _aSEG42
526 _aSEG41
526 _aSEG40
526 _aSEG39
526 _aP94
526 _aP87
526 _aP86
526 _aP85
526 _aP77
526 _aP76
526 _aP35
541 _g10624103;
630 _aBiblia.
_pA.T.
_pLevitico
_xComentarios.
910 _agl
_bjv
_clch
_d201002012
942 _2ddc
_cBOOK
949 _a220.07 AOTC 3
_wDEWEY
_c1
_i60953
_lCCODEBUL1
_mBUL
_p5.00
_r0
_sY
_tBOOK
_u2015-7-6
_xTEOLOGIA
_zUNKNOWN
_0COMPRA
_o.STAFF. Colección General
994 _aC0
_bPEPRU
596 _a1
999 _a220.07 AOTC 3
_wDEWEY
_c50304
_i60953
_d50304
_f2021-11-9
_g5
_lCCODEBUL1
_mBUL
_p5.00
_q1
_r0
_sY
_tBOOK
_u2015-7-6
_xTEOLOGIA
_zUNKNOWN
_0COMPRA
_o.STAFF. Colección General
980 _81
_gALBERTO SANCHEZ Responsable de Automatización